Supermarket-led development (Record no. 111463)

MARC details
000 -LEADER
fixed length control field 01083cad a22001935a 4500
001 - CONTROL NUMBER
control field L151589
008 - FIXED-LENGTH DATA ELEMENTS--GENERAL INFORMATION
fixed length control field 101122s2010 xxk f 000 0 eng d
035 ## - SYSTEM CONTROL NUMBER
System control number (Sirsi) u151589
041 0# - LANGUAGE CODE
Language code of text/sound track or separate title eng
110 2# - MAIN ENTRY--CORPORATE NAME
Corporate name or jurisdiction name as entry element Commission for Architecture and the Built Environment
9 (RLIN) 4058
245 00 - TITLE STATEMENT
Title Supermarket-led development
Remainder of title asset or liability?
Medium [electronic resource]
260 ## - PUBLICATION, DISTRIBUTION, ETC.
Place of publication, distribution, etc. London
Name of publisher, distributor, etc. CABE
Date of publication, distribution, etc. 2010
520 ## - SUMMARY, ETC.
Summary, etc. CABE report warns that supermarket led developments risk becoming a liability rather than an asset to communities if they are not well designed. This is based on a review of 30 major schemes from around the country by retailers including Tesco, Asda and Sainsburys. Argues that these schemes can bring valuable jobs and investment to an area but many are simply repeating old out of town proposals which are not suitable for town centres.
590 ## - LOCAL NOTE (RLIN)
Local note KA NTK
651 #4 - SUBJECT ADDED ENTRY--GEOGRAPHIC NAME
Geographic name England
Chronological subdivision 886-
690 ## - LOCAL SUBJECT ADDED ENTRY--TOPICAL TERM (OCLC, RLIN)
Topical term or geographic name as entry element Planning and development
9 (RLIN) 6259
856 40 - ELECTRONIC LOCATION AND ACCESS
Uniform Resource Identifier <a href="https://www.cabe.org.uk/files/supermarket-led-development_0.pdf">https://www.cabe.org.uk/files/supermarket-led-development_0.pdf</a>
Public note View the item free of charge at www.cabe.org.uk
942 ## - ADDED ENTRY ELEMENTS (KOHA)
Suppress in OPAC 0
Holdings
Withdrawn status Lost status Source of classification or shelving scheme Damaged status Not for loan Home library Current library Shelving location Date acquired Total Checkouts Full call number Barcode Date last seen Copy number Price effective from Koha item type
    Dewey Decimal Classification     Virtual Virtual Online 22/11/2010   ONLINE PUBLICATION 151589-2001 06/08/2019 1 06/08/2019 Book